Statistics for Jarritos Flavors

Click here to take the quiz!

General Stats

  • This quiz has been taken 9 times
  • The average score is 10 of 15

Answer Stats

HintAnswer% Correct
tamarind (tamarindo)
100%
fruit punch (tutifruti)
89%
grapefruit (toronja)
89%
guava (guayaba)
89%
lime (lima)
89%
watermelon (sandía)
89%
pineapple (piña)
78%
mango (mango)
67%
strawberry (fresa)
67%
apple (manzana)
56%
cola (cola)
56%
mandarin (mandarina)
56%
hibiscus (jamaica)
33%
lemon-lime (lima-limón)
33%
sparkling water (agua mineral)
33%

Score Distribution

Percentile by Number Answered

Percent of People with Each Score

Your Score History

You have not taken this quiz